000 00309nam a2200109Ia 4500
008 200302s9999 xx 000 0 und d
100 _aPhilip D. Plowright
245 _aRevealing Architectural Design Methods, Frameworks and Tools
260 _bRoutledge Taylor & Francis Group
260 _c2014
300 _a338
999 _c3625
_d3625